[Event "GER-chT U12 Girls"]
[Site "Magdeburg"]
[Date "2023.12.27"]
[Round "2.4"]
[White "Leicher, Anna"]
[Black "Ulianova, Anna"]
[Result "0-1"]
[WhiteElo "1279"]
[BlackElo "1036"]
[PlyCount "38"]
[EventDate "2023.12.26"]
[EventType "team-swiss"]
[EventRounds "7"]
[EventCountry "GER"]
[SourceTitle "CB03_2024"]
[SourceDate "2024.01.17"]
[SourceVersion "1"]
[SourceVersionDate "2024.01.17"]
[SourceQuality "1"]
[WhiteTeam "Bayern Muenchen"]
[BlackTeam "Oberschoeneweide"]
[WhiteTeamCountry "GER"]
[BlackTeamCountry "GER"]

1. e4 e5 2. Nf3 Nc6 3. d4 exd4 4. Nxd4 Bc5 5. Nxc6 bxc6 6. Bd3 Nf6 7. Bg5 h6 8. Bh4 d6 9. 0-0 g5 10. Bg3 h5 11. h3 h4 12. Bh2 g4 13. e5 dxe5 14. Bxe5 gxh3 15. Re1 Be6 16. Qf3 Rh6 17. Bf5 Nd5 18. Bxh3 Qg5 19. Qb3 Rg6 0-1

[Event "GER-ch U12 Girls"]
[Site "Willingen"]
[Date "2023.05.28"]
[Round "2"]
[White "Krannich, Eva"]
[Black "Leicher, Anna"]
[Result "0-1"]
[WhiteElo "1025"]
[BlackElo "1306"]
[PlyCount "98"]
[EventDate "2023.05.27"]
[EventType "swiss"]
[EventRounds "9"]
[EventCountry "GER"]
[SourceTitle "CBM 214 Extra"]
[Source "ChessBase"]
[SourceDate "2023.07.31"]
[SourceVersion "1"]
[SourceVersionDate "2023.07.31"]
[SourceQuality "1"]

1. e4 e5 2. Nf3 Nc6 3. Bc4 Bc5 4. d3 h6 5. Bb3 Nf6 6. h3 d6 7. c3 Be6 8. Bc2 d5 9. Qe2 0-0 10. Nbd2 d4 11. c4 Nb4 12. Bd1 Nh5 13. Nb3 Bd6 14. a3 Nc6 15. Bc2 Qf6 16. 0-0 Nf4 17. Bxf4 Qxf4 18. Qd2 Qf6 19. Rfe1 Bxh3 20. gxh3 Qxf3 21. Kh2 Rfe8 22. Rg1 Re6 23. Rg3 Qf4 24. Rag1 g6 25. Bd1 Rf6 26. Rf1 a5 27. Kh1 a4 28. Rf3 Qh4 29. Rxf6 Qxf6 30. Nc1 Qh4 31. Kh2 Be7 32. f4 exf4 33. Qg2 Bd6 34. Kh1 Ra5 35. Qg4 Qg3 36. Qxg3 fxg3 37. Kg2 b5 38. cxb5 Rxb5 39. Bxa4 Rxb2+ 40. Kg1 Ne5 41. Bb3 Bxa3 42. Bd1 Rd2 43. Ne2 Rxd3 44. Kg2 Re3 45. Nxg3 c5 46. Rf2 Nd3 47. Ra2 Nf4+ 48. Kh2 c4 49. Rf2 Bd6 0-1

[Event "GER-chT U12 Girls"]
[Site "Berlin"]
[Date "2022.12.28"]
[Round "5.2"]
[White "Vogt, Luna"]
[Black "Leicher, Anna"]
[Result "0-1"]
[WhiteElo "1345"]
[BlackElo "1248"]
[PlyCount "90"]
[EventDate "2022.12.26"]
[EventType "team-swiss"]
[EventRounds "7"]
[EventCountry "GER"]
[SourceTitle "EXT 2024"]
[Source "ChessBase"]
[SourceDate "2023.10.10"]
[SourceVersion "1"]
[SourceVersionDate "2023.10.10"]
[SourceQuality "1"]
[WhiteTeam "Porz SG"]
[BlackTeam "Bayern Muenchen"]
[WhiteTeamCountry "GER"]
[BlackTeamCountry "GER"]

1. d4 d5 2. c4 c6 3. Nc3 Nf6 4. Nf3 e6 5. Bg5 Be7 6. e3 0-0 7. Qc2 Re8 8. Bd3 Nbd7 9. cxd5 exd5 10. 0-0 Nf8 11. Bf4 Bd6 12. Bg3 Ng6 13. Rfe1 b6 14. Rac1 Be6 15. Ne5 Rc8 16. Qb1 c5 17. Nb5 Be7 18. Nxg6 fxg6 19. dxc5 bxc5 20. Nxa7 Ra8 21. Nc6 Qc8 22. Nxe7+ Rxe7 23. Bd6 Rea7 24. a3 c4 25. Be2 Ne4 26. Be5 Bf5 27. Qa2 Qe6 28. Bd4 Ra5 29. Red1 Qf7 30. Bf3 g5 31. Bxe4 Bxe4 32. Rc3 Qh5 33. Rd2 Qg4 34. f4 Rf8 35. b4 gxf4 36. exf4 Rxf4 37. Rg3 Qf5 38. Rf2 g6 39. Qd2 Rxf2 40. Qxf2 Qh5 41. Qe1 Ra8 42. Bf2 Rf8 43. a4 Qf5 44. Re3 Qg4 45. b5 Qxg2# 0-1

[Event "GER-chT U12 Girls"]
[Site "Willingen"]
[Date "2022.08.13"]
[Round "1.5"]
[White "Leicher, Anna"]
[Black "Marrufo, Emilia"]
[Result "1-0"]
[WhiteElo "1252"]
[BlackElo "970"]
[PlyCount "65"]
[EventDate "2022.08.13"]
[EventType "team-swiss"]
[EventRounds "7"]
[EventCountry "GER"]
[SourceTitle "EXT 2023"]
[Source "ChessBase"]
[SourceDate "2022.10.05"]
[SourceVersion "1"]
[SourceVersionDate "2022.10.05"]
[SourceQuality "1"]
[WhiteTeam "Bayern Muenchen"]
[BlackTeam "Werder Bremen"]
[WhiteTeamCountry "GER"]
[BlackTeamCountry "GER"]

1. e4 e5 2. Nf3 Nc6 3. d4 d6 4. dxe5 Nxe5 5. Nxe5 dxe5 6. Qxd8+ Kxd8 7. Nc3 Nf6 8. Bd3 h6 9. 0-0 a6 10. b3 Bc5 11. Be3 Bb4 12. Nd5 Nxd5 13. exd5 Bc3 14. Rad1 g5 15. Be2 f5 16. d6 Bd7 17. dxc7+ Kxc7 18. a3 f4 19. Rd3 Bb2 20. Bc5 Bb5 21. c4 Bc6 22. Rfd1 e4 23. Bd6+ Kd7 24. R3d2 Bc3 25. Rc2 Ba5 26. Bb4+ Kc8 27. Bg4+ Kb8 28. Bxa5 Ka7 29. c5 h5 30. Bb6+ Kb8 31. Rcd2 hxg4 32. Rd8+ Rxd8 33. Rxd8# 1-0

[Event "GER-ch U12 Girls"]
[Site "Willingen"]
[Date "2022.06.11"]
[Round "9"]
[White "Chandrasekher, Ritu"]
[Black "Leicher, Anna"]
[Result "0-1"]
[WhiteElo "1312"]
[BlackElo "1223"]
[PlyCount "92"]
[EventDate "2022.06.04"]
[EventType "swiss"]
[EventRounds "9"]
[EventCountry "GER"]
[SourceTitle "CBM 208 Extra"]
[Source "ChessBase"]
[SourceDate "2022.07.31"]
[SourceVersion "1"]
[SourceVersionDate "2022.07.31"]
[SourceQuality "1"]

1. e4 e5 2. Nf3 Nc6 3. Bc4 Bc5 4. c3 Nf6 5. d3 0-0 6. Bg5 h6 7. Bh4 d6 8. Nbd2 Be6 9. 0-0 Nb8 10. Bxe6 fxe6 11. Qb3 Qc8 12. d4 exd4 13. cxd4 Bb6 14. a4 a5 15. Rac1 Nc6 16. d5 exd5 17. exd5 Nd4 18. Nxd4 Bxd4 19. Nf3 Bc5 20. Rfe1 Ra6 21. Qd3 Nh5 22. Re7 Nf4 23. Qe4 Qg4 24. Bg3 Nh3+ 25. Kf1 Qh5 26. Qh4 Qxh4 27. Bxh4 Rb6 28. Rb1 Nf4 29. Rd1 Rc8 30. g3 Nh3 31. Kg2 Nxf2 32. Rd2 Ng4 33. Rd7 Ne3+ 34. Kh1 Nc4 35. Re2 Be3 36. Bd8 Rxb2 37. Rxb2 Nxb2 38. Bxc7 b6 39. Bxd6 Nxa4 40. Be7 b5 41. d6 g5 42. Rb7 Nb6 43. d7 Nxd7 44. Rxd7 Rc1+ 45. Kg2 g4 46. Ne5 Rg1# 0-1

[Event "GER-ch U12 Girls"]
[Site "Willingen"]
[Date "2022.06.07"]
[Round "4"]
[White "Leicher, Anna"]
[Black "Yamshchikova, Alisa"]
[Result "1/2-1/2"]
[WhiteElo "1223"]
[BlackElo "1216"]
[PlyCount "143"]
[EventDate "2022.06.04"]
[EventType "swiss"]
[EventRounds "9"]
[EventCountry "GER"]
[SourceTitle "CBM 208 Extra"]
[Source "ChessBase"]
[SourceDate "2022.07.31"]
[SourceVersion "1"]
[SourceVersionDate "2022.07.31"]
[SourceQuality "1"]

1. e4 c5 2. Nf3 Nc6 3. Bb5 e6 4. 0-0 Nge7 5. Nc3 a6 6. Bxc6 Nxc6 7. d4 cxd4 8. Nxd4 Be7 9. Bf4 0-0 10. Re1 b5 11. Nf3 Bb7 12. Ne5 Nxe5 13. Bxe5 f6 14. Bf4 f5 15. exf5 Rxf5 16. Qg4 h5 17. Qg3 Bh4 18. Qe3 Qf8 19. Bg3 Be7 20. Rad1 Bc6 21. Ne4 d5 22. Nd6 Rf6 23. Bh4 Rg6 24. Qd3 Rg4 25. Bxe7 Qxe7 26. Nf5 Qg5 27. Rxe6 Rxg2+ 28. Kh1 Rxf2 29. Rg1 d4+ 30. Rxc6 Qxf5 31. Qxf5 Rxf5 32. Rcg6 Ra7 33. Rd6 Rf2 34. Rg2 Rf1+ 35. Rg1 Rf4 36. Rc6 Rf5 37. Rd1 Rd5 38. c4 bxc4 39. Rxc4 Rad7 40. Rc6 d3 41. Rc3 Kf7 42. Kg2 Kf6 43. Kf3 Kf5 44. Rc4 g5 45. h3 d2 46. b3 Rd3+ 47. Kg2 R7d5 48. Rf1+ Ke5 49. Rd1 a5 50. Kh2 R3d4 51. Rc8 Ke4 52. Kg2 Kd3 53. Rcc1 Ke2 54. Rb1 Rc5 55. Rf1 Rf4 56. Rfd1 Rf3 57. Rxd2+ Kxd2 58. Kxf3 Rc3+ 59. Kg2 Kc2 60. Rf1 Rc5 61. Rf2+ Kb1 62. a3 Rb5 63. b4 axb4 64. axb4 Kc1 65. Kg3 Rxb4 66. Rf5 Rb3+ 67. Rf3 Rxf3+ 68. Kxf3 Kd2 69. Ke4 g4 70. hxg4 hxg4 71. Kf4 g3 72. Kxg3 1/2-1/2

[Event "GER-ch U12 Girls"]
[Site "Willingen"]
[Date "2022.06.06"]
[Round "3"]
[White "Richter, Johanna"]
[Black "Leicher, Anna"]
[Result "0-1"]
[WhiteElo "1363"]
[BlackElo "1223"]
[PlyCount "65"]
[EventDate "2022.06.04"]
[EventType "swiss"]
[EventRounds "9"]
[EventCountry "GER"]
[SourceTitle "CBM 208 Extra"]
[Source "ChessBase"]
[SourceDate "2022.07.31"]
[SourceVersion "1"]
[SourceVersionDate "2022.07.31"]
[SourceQuality "1"]

1. d4 d5 2. c4 c6 3. Nf3 Nf6 4. Nbd2 a6 5. Qc2 g6 6. g3 Bf5 7. Qb3 Ra7 8. Bg2 Bg7 9. e3 b5 10. c5 Nbd7 11. Nh4 Be6 12. Qd1 0-0 13. 0-0 g5 14. Nhf3 g4 15. Ng5 Bf5 16. e4 dxe4 17. Ngxe4 Rc7 18. Nxf6+ Bxf6 19. Nb3 e5 20. Be3 Bg5 21. Bxg5 Qxg5 22. dxe5 Nxe5 23. Qd6 Re7 24. Nd4 Bd3 25. Rfe1 Rfe8 26. Re3 Nc4 27. f4 gxf3 28. Qxe7 Rxe7 29. Rxe7 Qxe7 30. Nxc6 Qe3+ 31. Kh1 fxg2+ 32. Kxg2 Be4+ 33. Kf1 0-1

[Event "GER-ch U10 Girls"]
[Site "Willingen"]
[Date "2021.08.28"]
[Round "9"]
[White "Leicher, Anna"]
[Black "Kovalskyy, Alicia"]
[Result "0-1"]
[WhiteElo "1249"]
[BlackElo "1078"]
[PlyCount "156"]
[EventDate "2021.08.22"]
[EventType "swiss"]
[EventRounds "11"]
[EventCountry "GER"]
[SourceTitle "EXT 2022"]
[Source "ChessBase"]
[SourceDate "2021.10.06"]
[SourceVersion "1"]
[SourceVersionDate "2021.10.06"]
[SourceQuality "1"]

1. e4 e5 2. Nf3 Nc6 3. Bc4 Bc5 4. Nc3 d6 5. h3 Nf6 6. d3 h6 7. 0-0 g5 8. Nh2 Rg8 9. g4 h5 10. Be3 Qd7 11. Qf3 Qe7 12. Nb5 hxg4 13. hxg4 Rg6 14. Bxc5 dxc5 15. Rad1 a6 16. Nc3 Be6 17. Nd5 Nxd5 18. exd5 Nd4 19. Qe4 Bc8 20. c3 Nb5 21. Rfe1 Kd8 22. Qxe5 Qxe5 23. Rxe5 f6 24. Re3 Bd7 25. Rde1 Rg7 26. Rf3 Rf7 27. d6 Rf8 28. dxc7+ Nxc7 29. d4 cxd4 30. cxd4 Bc6 31. d5 Bd7 32. d6 Ne8 33. Rd1 Rc8 34. Bb3 Rc6 35. Rfd3 f5 36. gxf5 Bxf5 37. Rf3 Nxd6 38. Be6 Kc7 39. Bd5 Rc5 40. Bxb7 Nxb7 41. Re1 Rd8 42. Nf1 Rd6 43. Ne3 Be6 44. a3 Bd7 45. b4 Rcc6 46. Rg3 Rg6 47. Nd5+ Kb8 48. Rb1 Rce6 49. Rf3 Bc6 50. Rf8+ Re8 51. Rxe8+ Bxe8 52. Re1 Bc6 53. Ne7 Rh6 54. f3 Bxf3 55. Kf2 g4 56. Nf5 Rf6 57. Re8+ Ka7 58. Kg3 Rxf5 59. a4 Rd5 60. a5 Rd4 61. b5 axb5 62. a6 Kxa6 63. Ra8+ Kb6 64. Rg8 b4 65. Rg6+ Rd6 66. Rg5 b3 67. Rf5 b2 68. Re5 b1Q 69. Rg5 Qe1+ 70. Kf4 Rf6+ 71. Rf5 Qe4+ 72. Kg3 Qxf5 73. Kh2 Qc2+ 74. Kg3 Qg2+ 75. Kh4 g3 76. Kg5 Qf2 77. Kh4 g2+ 78. Kh3 g1N# 0-1

[Event "GER-ch U10 Girls"]
[Site "Willingen"]
[Date "2021.08.28"]
[Round "10"]
[White "Tu, Audrey"]
[Black "Leicher, Anna"]
[Result "0-1"]
[WhiteElo "913"]
[BlackElo "1249"]
[PlyCount "84"]
[EventDate "2021.08.22"]
[EventType "swiss"]
[EventRounds "11"]
[EventCountry "GER"]
[SourceTitle "EXT 2022"]
[Source "ChessBase"]
[SourceDate "2021.10.06"]
[SourceVersion "1"]
[SourceVersionDate "2021.10.06"]
[SourceQuality "1"]

1. e4 e5 2. Nf3 Nc6 3. Bc4 Bc5 4. 0-0 Nf6 5. d3 h6 6. c3 0-0 7. Re1 d6 8. Nbd2 Be6 9. Bxe6 fxe6 10. Qb3 Qc8 11. Nf1 Ng4 12. Re2 Rb8 13. a4 Qe8 14. Ng3 Kh8 15. h3 Nf6 16. Bd2 Qg6 17. Nh4 Qxg3 18. Nf3 Qg6 19. Qxe6 Rbe8 20. Qc4 Nd7 21. b4 Rxf3 22. bxc5 Nxc5 23. Kf1 Rf6 24. d4 Na5 25. Qb5 Nab3 26. Rb1 Nxd2+ 27. Rxd2 Nxe4 28. Rc2 c6 29. Qxb7 Ng3+ 30. Kg1 Qxc2 31. fxg3 exd4 32. g4 d3 33. Kh2 d2 34. Qxc6 Qxb1 35. Qxe8+ Kh7 36. Qa8 d1Q 37. Qxa7 Qh1+ 38. Kg3 Qd3+ 39. Kh4 Qxc3 40. g5 Rf4+ 41. Kh5 Qhxh3+ 42. gxh3 Qxh3# 0-1